Embriología humana y biología del desarrollo (Registro nro. 2029)

Detalles MARC
000 -Cabecera
Campo de control interno 00913nam a2200217Ia 4500
005 - Fecha y hora del registro
control field 20260422111546.0
008 - Elementos de Longitud Fija
fixed length control field 260306t2020||||xx |||||||||||||| ||spa||
041 ## - Idioma
Codigo Idioma ESP
082 ## - DEWEY y NOTACIÓN INTERNA
Dewey 611.01
Notación Interna C28
100 ## - AUTOR
Autor denominación Carlson, Bruce M.,
Término de relación autor
245 #0 - TÍTULO DE MATERIAL BIBLIOGRÁFICO
Título Embriología humana y biología del desarrollo
260 ## - CIUDAD, EDITORIAL, AÑO
Año 2020
300 ## - DESCRIPCIÓN
N° Páginas 479 páginas :
Dimensiones 28 cm.
650 ## - TEMAS
Temas Generalidades
654 ## - PROGRAMAS
Programa Dpto. de Ciencias de la Salud
856 ## - URL - UBICACIÓN
URI/URL: Enlace exacto del recurso <a href="https://0u216xhg7-y-https-accessmedicina-mhmedical-com.itmsp.museknowledge.com/book.aspx?bookid=1476">https://0u216xhg7-y-https-accessmedicina-mhmedical-com.itmsp.museknowledge.com/book.aspx?bookid=1476</a>
Nota pública: Versión digital <a href="Véase además: Biología del desarrollo. Versión digital">Véase además: Biología del desarrollo. Versión digital</a>
856 ## - URL - UBICACIÓN
URI/URL: Enlace exacto del recurso <a href="https://0u216xhg7-y-https-accessmedicina-mhmedical-com.itmsp.museknowledge.com/">https://0u216xhg7-y-https-accessmedicina-mhmedical-com.itmsp.museknowledge.com/</a>
Nota pública: Versión digital <a href="Véase además: Base de datos McGraw Hill Access Medicina">Véase además: Base de datos McGraw Hill Access Medicina</a>
856 ## - URL - UBICACIÓN
URI/URL: Enlace exacto del recurso <a href="https://0u23fxhhl-y-https-www-clinicalkey-com.itmsp.museknowledge.com/student/login">https://0u23fxhhl-y-https-www-clinicalkey-com.itmsp.museknowledge.com/student/login</a>
Nota pública: Versión digital <a href="Véase además: Base de datos ClinicalKey">Véase además: Base de datos ClinicalKey</a>
942 ## - ELEMENTOS DE KOHA
Tipo de documento Libro
Nombre del creador Justo Noguera
Código de catalogador Justo Noguera
Esquema de clasificación Dewey Decimal Classification
Existencias
Codigo completo Registro Colección Copia número Disponibilidad Tipo de préstamo Biblioteca Actual Procedencia (Biblioteca) Ubicacón Fecha Ingreso Tipo de Adquisición Date last seen Total checkouts Price effective from Tipo de Item Estado del Material Fuente de Clasificación Damaged status Withdrawn status
611.01 C28 1073533 Universidad Católica San Pablo 1 Disponible Disponible Víctor Andrés Belaunde Víctor Andrés Belaunde Planta baja abierta 03/06/2026 Compra 06/03/2026   06/03/2026 Libro Bueno Dewey Decimal Classification    
611.01 C28 1073654 Universidad Católica San Pablo 2 Disponible Disponible Víctor Andrés Belaunde Víctor Andrés Belaunde Planta baja abierta 03/06/2026 Compra 06/03/2026   06/03/2026 Libro Bueno Dewey Decimal Classification